Normal view
MARC view
- Muhammad Jazib Khan
Entry Personal Name
001 - CONTROL NUMBER
- control field: 92108
003 - CONTROL NUMBER IDENTIFIER
- control field: NUST
005 - DATE AND TIME OF LATEST TRANSACTION
- control field: 20220701183141.0
008 - FIXED-LENGTH DATA ELEMENTS
- fixed length control field: 220701|| aca||aabn | a|a d
040 ## - CATALOGING SOURCE
- Original cataloging agency: NUST
- Transcribing agency: NUST
100 ## - HEADING--PERSONAL NAME
- Personal name: Muhammad Jazib Khan
670 ## - SOURCE DATA FOUND
- Source citation: Work cat.: (NUST)13623: Abdullah Ahmed 92107, EpiWear: A wearable for accorate and timely detection of epileptic seizures, 2016
